Normal view MARC view

Entry Personal Name

Number of records used in: 2

001 - CONTROL NUMBER

  • control field: 1255

003 - CONTROL NUMBER IDENTIFIER

  • control field: OSt

005 - DATE AND TIME OF LATEST TRANSACTION

  • control field: 20220106141811.0

008 - FIXED-LENGTH DATA ELEMENTS

  • fixed length control field: 220106|| aca||aabn | a|a d

040 ## - CATALOGING SOURCE

  • Original cataloging agency: OSt
  • Transcribing agency: OSt

100 ## - HEADING--PERSONAL NAME

  • Personal name: Northruf, Anthony

670 ## - SOURCE DATA FOUND

  • Source citation: Work cat.: (OSt): Northruf, Anthony , Introducing microsofts windows 2000 server

Powered by Koha